Нормален изглед
MARC изглед
- Национална научно-практическа конференция "75 години световна организация ОМЕП: предучилищното образование в България в перспективата на международния педагогически опит"
Вход 03. Временен Колективен Автор
001 - Контролен номер на записа
- Контролно поле: 489711
003 - Код на организацията, даваща контролен номер
- Контролно поле: BLK
005 - Дата и час на последна промяна на записа
- Контролно поле: 20231110135844.0
008 - Данни с фиксирана дължина – обща информация
- Данни с фиксирана дължина : 231110|| aca||aabn | a|a d
111 ## - Наименования на временни колективи – обща информация
- Название на временен колектив или юридическо име като основно описание: Национална научно-практическа конференция "75 години световна организация ОМЕП: предучилищното образование в България в перспективата на международния педагогически опит"
942 ## - Системна служебна употреба
- Koha auth type: MEETI_NAME